000 01037nam a22002897a 4500
001 9419
003 FISKH
005 20260106113013.0
008 260106b cb ||||| |||| 00| 0 eng d
020 _a9781338049008
040 _aFISKH
_beng
_cFISKH
_dFISKH
050 _aQL122.2 .T88
082 _a591.5
100 _aTurner , Pamela S.
245 _aProwling the seas :
_bExploring the hidden world of ocean predators /
_cBy Pamela S. Turner
260 _aNew York :
_bScholastic ,
_c2009 .
300 _a39 pages :
_bcolor illustrations ;
_c23 x 25 cm .
505 _aW
520 _aAn acclaimed science writer takes readers along with four underwater predators--a leatherback sea turtle, a bluefin tuna, a great white shark, and a Sooty Shearwater--on their remarkable journeys.
521 8 _a870
_bLexile
521 8 _aW
_bRaz-Plus
650 _aCreature features
_vNon-fiction
650 _aAnimals
_vNon-fiction
700 _aGastonguay , Nicole
_eDesigner
942 _2ddc
_cBK
_n0
999 _c9419
_d9419